| 000 | 00849nam a22002657a 4500 | ||
|---|---|---|---|
| 999 |
_c12554 _d12554 |
||
| 003 | AR-CdUCM | ||
| 008 | 190409b ||||| |||| 00| 0 spa d | ||
| 020 | _a0-582-51042-2 | ||
| 040 |
_aMUNICIPALIDAD PROVINCIAL DEL CUSCO _cBIBLIOTECA MUNICIPAL DEL CUSCO |
||
| 041 | _heng | ||
| 082 |
_28ed. _aES / 428 / _bW35 |
||
| 100 |
_aWebster, Diana _930432 |
||
| 245 |
_aSam Onchannel 9 : _bpupils' Book |
||
| 260 |
_aSan Sebastian : _blongman Group Uk Limited, _c1987. |
||
| 300 |
_a80 paginas ; _bIlustraciones, Graficos, Dibujos, _c25 cm. |
||
| 440 |
_aLongman _n2 _930433 |
||
| 500 | _aTexto educativo Cuaderno de trabajo | ||
| 650 |
_aTexto educativo _925832 |
||
| 650 |
_aCuaderno de trabajo _911620 |
||
| 650 |
_aLiteratura _983 |
||
| 650 |
_aHistoria _9136 |
||
| 700 |
_aCobb, David _930434 |
||
| 942 |
_2ddc _cLIBROS |
||
| 945 |
_apjha _d2019-04-09 |
||